000
00321nam a22001457a 4500
003
SGT
020
_a
978-981-4368-66-7
082
_a
615
_b
LIA
100
_a
LIANG, XING-JIE
245
_a
NANOPHARMACEUTICS
260
_a
USA
_b
WORLD SCIENTIFIC
_c
2013
300
_a
594
650
_a
NANOPHARMACEUTICS
942
_2
ddc
_c
BK
999
_c
33086
_d
33086